Zhonghua Renmin Gongheguo li shi ji shi . kai ge xing jin, 1951-1956 /
Saved in:
| Other Authors: | |
|---|---|
| Format: | Book |
| Language: | Chinese |
| Published: |
[Peking] :
Hong qi chu ban she : Beijing shi Xin hua shu dian fa xing,
1994.
|
| Subjects: | |
| Tags: |
Add Tag
No Tags, Be the first to tag this record!
|
| LEADER | 00992cam a2200265 a 4500 | ||
|---|---|---|---|
| 001 | 005009727-X | ||
| 005 | 20024617110316.0 | ||
| 008 | 940921s1994 cc 000 0 chi d | ||
| 020 | |a 7800685977 : |c RMBY6.00 | ||
| 035 | 0 | |a ocm31270055 | |
| 040 | |a CSt |c CSt |d MH-HY |d CStRLIN | ||
| 043 | |a a-cc--- | ||
| 050 | 1 | 4 | |a DS777.544 |b .C586 1994 v. 2 |
| 245 | 0 | 0 | |6 880-01 |a Zhonghua Renmin Gongheguo li shi ji shi . |p kai ge xing jin, 1951-1956 / |c Wang Wen deng bian zhu. |
| 260 | |6 880-02 |a [Peking] : |b Hong qi chu ban she : |b Beijing shi Xin hua shu dian fa xing, |c 1994. | ||
| 300 | |a 3, 168 p. ; |c 19 cm. | ||
| 651 | 0 | |a China |x History |y 1949- | |
| 700 | 1 | |6 880-03 |a Wang, Wen. | |
| 740 | 0 | |6 880-04 |a Kai ge xing jin. | |
| 880 | 0 | 0 | |6 245-01 |a 中华人民共和国历史纪实. |p 凯歌行进, 1951-1956 / |c 王雯等编著. |
| 880 | |6 260-02 |a [Peking] : |b 红旗出版社: |b 北京市新华书店发行, |c 1994. | ||
| 880 | 1 | |6 700-03 |a 王雯. | |
| 880 | 0 | |6 740-04 |a 凯歌行进. | |
| 988 | |a 20021108 | ||
| 906 | |0 OCLC | ||


